| 000 | 00905nam a2200193 a 4500 | ||
|---|---|---|---|
| 008 | 120216s2007 ||||||||||||||||| || u | ||
| 020 | _a9780470822456 | ||
| 050 | _aTK 5101 Lee | ||
| 100 | _aLee, R. C. T | ||
| 245 | 1 | 0 |
_aCommunications engineering: essentials for computer scientists and electrical engineers _cby R. C. T. Lee; Mao-Ching Chiu; Jung-Shan Lin |
| 260 |
_aSingapore: _bJohn Wiley and Sons _c2007 |
||
| 300 | _aviii, 260p.: ill. | ||
| 350 | _a0.00 | ||
| 650 | _aTELECOMMUNICATION | ||
| 700 | _aChiu, Mao-Ching | ||
| 700 | _aLin, Jung-Shan | ||
| 995 |
_aMAIN LIBRARY OPEN ACCESS _D0.00 _e742916 _FCBU-MAIN LIBRARY (Kitwe) _H1 _I0.00 _jTK 5101 Lee _M2 _UAVAILABLE _WApr 12, 2012 _y742916 _ZMain Library Open Access Collection |
||
| 995 |
_aMAIN LIBRARY OPEN ACCESS _D0.00 _e742915 _FCBU-MAIN LIBRARY (Kitwe) _H1 _I0.00 _jTK 5101 Lee _M1 _UAVAILABLE _WApr 12, 2012 _y742915 _ZMain Library Open Access Collection |
||
| 999 |
_c79546 _d79546 |
||